MDQL
is popping MORE tags! Check the
thread
!
Quizzes
Events
Quiz Creation
Community
Videos
Private Events
Remove Ads
Sign In
Join for FREE
Feedback
Dark Mode
Quiz Categories
Sports
Geography
Music
Movies
Television
Just For Fun
Miscellaneous
History
Literature
Language
Science
Gaming
Entertainment
Religion
Holiday
For Kids
Quiz Lab
Recent
Popular Today
Quiz Kudos Today
Editor Picks
Curator Picks
Quizzes by...
Day
Popularity
Type
Ratings
Length
Year
Community
Subscriptions
Recent Discussions
Orange Saloon
Badges
Playlists
Quests
Create
Leaderboards
Showdown
Live 5
Trivia Bingo
Activity
Puzzle Library
Sporcle Events
Private Events
Virtual Trivia
Globe League
Become a Host
Pub Owners
SporcleCon
Opinionation
Our Games
Videos
Blog
Mobile Apps
Partnerships
Remove Ads and Go Orange
Feedback
History
US Presidents
World Leaders
Politics
Nation
Discovery
War
Decade
Year
Century
Biography
Art
History
US Presidents
World Leaders
Politics
Nation
Discovery
War
Decade
Year
Century
Biography
Art
Random Quiz
Search Sporcle
×
Quiz Lab
Quiz Lab
History
note
Type in answers that appear in a list
Type in answers that appear in a list
Classic
Best Score? Go Orange.
History of Money Stats
Can you name the historical fact associated with these money 'notes'?
By
ACCHS
4m
25 Questions
7 Plays
7 Plays
7 Plays
Comments
Comments
Give Quiz Kudos
Give Quiz Kudos
-
- Ratings
hide this ad
Random Order
Randomize order of answers
Randomize order of answers
Replay
Link that replays current quiz
Next Quiz
Link to next quiz in quiz playlist
You Got
0%
They Got
Avg Score
36%
Avg Friend Score
Upgrade to see
Score Distribution
Jump to the score distribution portion of the page
Score
0/25
Timer
04:00
0
Plays Today
Clue
Answer
% Correct
Game printed more money that Federal Reserve Bank
Monopoly
85.7%
Only First Lady on a U.S. currency note
Washington
85.7%
Once used the Lira
Italy
85.7%
One dollar coin called the 'Loonie'
Canada
71.4%
Largest U.S. bill ever printed
100,000
71.4%
The city on the back of the US $100
Philadelphia
57.1%
Wall Street named for wall built by this county's colonists
Holland
42.9%
This country's currency means 'round object'
Japan
42.9%
County has ATMs that hot press your bills
Japan
42.9%
God of this empire gives us the word 'money'
Roman
42.9%
Limited the tax-
raising ability of the English King
Magna Carta
42.9%
First to consistently use paper bills
France
28.6%
Greenback used during this Presidency
Lincoln
28.6%
Clue
Answer
% Correct
U.S. Colony to accept wampum as legal tender
Massachusetts
28.6%
Germany's pre-
Euro currency
mark
28.6%
Country's currency that gave us the U.S. dollar sign
Spain
28.6%
Name of currency used in the Phillipines and Argentina
peso
28.6%
The Crusades helped this system emerge in Europe
Banking
28.6%
Skins used as money gave rise to this nickname
buck
14.3%
In Lydia (in modern Turkey) first to put this on their coins
value
14.3%
The year the U.S. copper penny began to include zinc
1982
14.3%
Also called the Bharat
rupee
0%
First coins in ancient world shaped like this animal
cattle
0%
Commonly used as currency in ancient Egypt
jewelry
0%
Picnic term for exchange of items in American colonies
potluck
0%
Quiz Playlist
Details
Report
Send in Message
Add To Playlist
Classic:
Type in answers that appear in a list
Random Order:
Randomize order of answers
Last Updated: Feb 16, 2017
Quiz Scoreboard
CHALLENGE
Sign Up to Join the Scoreboard
Show All
Scores
Hide
Comments
May contain spoilers
Recently Published
1-10 Letter E Words III
by El_Dandy
Language
2m
Street Fighter Characters
by Artimus82
Gaming
60s
College Basketball Coaching Resumes
by pancakes188
Sports
9m
More to Explore
Quiz From the Vault
Featured Blog Post
Where Did the Easter Bunny Come From?
hide this ad
You Might Also Like...
Tags
Money
note
Today's Top Quizzes in History
Browse History
hide this ad
Today's Top Quizzes in note
Browse note
Top Contributed Quizzes in History
1
Popular People in 1991
2
Popular People in 1981
3
Popular People in 1951
4
Popular People in 1941
5
Popular People in 1986
6
Popular People in 1976
7
Popular People in 1921
8
5-to-1: 20th Century Images of War
9
I Am Born On March 28th
10
Popular People in 1946
Explore More
Trending Topics
Marvel
Crossword
Harry Potter
NBA
Anime
Disney
Kpop
Country
NFL
Soccer
The Office
Puzzle
WWE
Song
Pokémon
hide this ad
Score Distribution
Quiz Creator Spotlight
ACCHS
Follow
Send a Message
Quizzes Created
-
Created Quiz Play Count
-
Popular Quizzes Today
1
Find the US States - No Outlines Minefield
2
Find the Countries of Europe - No Outlines Minefield
3
The Countries of the World
4
Find the US States
5
Risky Map Clicking: Biggest States A-Z
6
US States
7
Popular People in 1961
8
Movies - When Are They Set?
More History Quizzes
UK Prime Ministers by Any 3 Letters
Published
Trending Quizzes
Risky Map Clicking: Least Populous States A-Z
1-10 Letter G Words
1-10 Letter F Words
Countries of the World: 200 Million BC
Risky Map Clicking: Next State Alphabetically
Recently Updated
Beyoncé Albums
pecheneg
Leaping Animals
pecheneg
Reality TV Shows (A-Z)
bhenderson79
Rickey Henderson's Hall of Fame Teammates
pecheneg
Champions League XIs: Arsenal
pecheneg
Quick Pick: Celebrities in WWE's Hall of Fame
aduchscher
A-Z Keypad Blitz II
pecheneg
Multiple Oscar Actors
pecheneg
Mystery Phrase Blitz: Oscar 'Best Actors'
pecheneg
F. Scott Fitzgerald Novels
LTH
Trending Topics
NBA
Kpop
Anime
Harry Potter
Disney
Marvel
Crossword
Song
NFL
The Office
WWE
Country
Puzzle
Soccer
Pokémon
Your Account Isn't Verified!
In order to create a playlist on Sporcle, you need to verify the email address you used during registration. Go to your
Sporcle Settings
to finish the process.
Report this User
Report this user for behavior that violates our
Community Guidelines
.
Details:
Send Report
Go to the Sporcle.com Mobile Site →
Comments